Teoría de la clase ociosa

Guardat en:
Dades bibliogràfiques
Autor principal: Veblen, Thorstein (Autor)
Format: Llibre
Idioma:espanyol
Publicat: Madrid Alianza 2014
Edició:2a. ed
Col·lecció:El Libro de Bolsillo, CS40
Matèries:
Etiquetes: Afegir etiqueta
Sense etiquetes, Sigues el primer a etiquetar aquest registre!

MARC

LEADER 00000cam a2200000 a 4500
001 UCE9989
003 CL-VaPUC
008 151112e20140000sp |||||||||||||||||spa|d
020 |a 9788420683393 
082 0 4 |a 305.56  |b VEB  |2 21 
100 0 |a Veblen, Thorstein  |e author  |9 471098 
245 1 0 |a Teoría de la clase ociosa 
250 |a 2a. ed 
300 |a 429 p 
942 |c BK 
945 |d 20151112 20:22:00  |a dcastane 
260 |a Madrid  |b Alianza  |c 2014 
650 7 |a CIVILIZACION DEL OCIO  |2 CL-VaPUC  |9 336996 
650 7 |a SOCIOLOGIA DEL TIEMPO LIBRE  |2 CL-VaPUC  |9 341761 
650 0 |a Clases sociales  |9 256858 
650 0 |a Ocio  |9 336997 
583 |a last modification  |c 20151112 20:22:00  |k Rodrigo Vera 
490 0 |a El Libro de Bolsillo, CS40 
999 |c 361623  |d 361621 
952 |0 0  |1 0  |3 erb  |4 0  |6 305_560000000000000_VEB_2014  |7 0  |8 A  |9 472223  |a BIBEDU  |b BIBEDU  |i 5249961  |l 3  |o 305.56 VEB 2014  |p 5249961  |r 2023-12-20  |s 2023-12-20  |w 2019-11-24  |y BK  |z Catalogado en:20151112  |k FIL